| 000 | 00446nam a2200133Ia 4500 | ||
|---|---|---|---|
| 008 | 170221s9999 xx 000 0 und d | ||
| 100 | _aLaré-Lantone, Kanfitine | ||
| 245 | _aAssessing the Impact of Stock Markets on Financial Development in Selected Sub-Saharan Countries | ||
| 245 | _cKanfitine Laré-Lantone | ||
| 260 | _c2012 | ||
| 300 | _a32 : 5 | ||
| 650 | _xBusiness | ||
| 856 | _uhttp://www.globip.com/articles/african-vol8-article2.pdf | ||
| 999 |
_c311239 _d311239 |
||